Bibliography of publications designed to raise the standard of scientific literature
| Format: | Book |
|---|---|
| Language: | English |
| PhysicalDescription: | 83 s. 8° |
| Published: |
[Paris]
UNESCO
1963
|
MARC
| LEADER | 00000nam a2200000 a 4500 | ||
|---|---|---|---|
| 001 | vtls001299665 | ||
| 003 | SK-MaSNL | ||
| 005 | 20260224105748.0 | ||
| 008 | 210928s1963 FR 0 eng | ||
| 035 | |a SNK000251644 | ||
| 040 | |a SNK |b slo |c SNK |e AACR2 | ||
| 044 | |a [FR] | ||
| 245 | 1 | |a Bibliography of publications designed to raise the standard of scientific literature | |
| 260 | |a [Paris] |b UNESCO |c 1963 | ||
| 300 | |a 83 s. |c 8° | ||
| 958 | |a OND | ||
| 999 | |c 973564 |d 975494 | ||
| 952 | |t P60, <04>, [BOOK], {604} |a SNK |b SNK |y VYP |7 0 |o snkIC 37066 |i snkK 192/65 |0 0 |1 0 |4 0 |d 1997-08-19 |l 0 |r 2005-01-02 00:00:00 |w 2026-02-24 | ||


